| 000 | 00716nam a2200217 a 4500 | ||
|---|---|---|---|
| 001 | 000011965 | ||
| 005 | 20240412074229.0 | ||
| 008 | 091102s2004 dr 000 j spa d | ||
| 020 | _a9993497460 | ||
| 040 |
_aDO-SdBNP _bspa _cBNPHU |
||
| 082 |
_aRD863.44 _bZ35a |
||
| 100 | 1 |
_aZapata, César Augusto, _d1959 - _972848 |
|
| 245 | 1 | 0 |
_aAsombros de sombras : _bfalsos rostros / _cCésar Augusto Zapata. |
| 260 |
_aSanto Domingo : _bManati, _c2004. |
||
| 300 |
_a144 p. ; _c21 cm. |
||
| 500 | _aIncluye datos biográficos del autor en la contracubierta. | ||
| 590 | _aInventariado, 2020/VM | ||
| 650 | 0 |
_aCuentos dominicanos _9176 |
|
| 650 | 0 |
_aLiteratura dominicana. _967 |
|
| 910 | _aValidado. Control de calidad MFF | ||
| 999 |
_c11635 _d11635 |
||